000 03133cam a22012494i 4500
003 PE-LiUPU
005 20250813185406.0
008 170712s2012 mx rb 000 0 spa d
020 _a6073214758
020 _a9786073214759
035 _a(Sirsi) a237908
040 _aPE-LiUPU
_bspa
_cPE-LiUPU
_erda
041 1 _aspa
_heng
049 _aPRUA
082 0 4 _a370.1523
_bS29
_220
100 1 _aSchunk, Dale H.,
_eautor.
245 1 0 _aTeorías del aprendizaje :
_buna perspectiva educativa /
_cDale H. Schunk.
250 _aSexta edición.
264 1 _aMéxico :
_bPearson Edcación,
_c2012.
300 _axii, 549 páginas ;
_c24 centímetros
336 _atext
_2rdacontent
337 _aunmediated
_2rdamedia
338 _avolume
_2rdacarrier
504 _aBibliografía : páginas 501-538.
504 _aIndex : páginas 539-549.
505 0 _aIntroducción al estudio del aprendizaje -- Neurociencia del aprendizaje -- Conductismo -- Teoría cognoscitiva social -- Teoría del procesamiento de la información -- Constructivismo -- Procesos del aprendizaje cognoscitivo -- Motivación -- Autorregulación -- Desarrollo.
526 _aP202
526 _aP201
526 _aP163
526 _aP162
526 _aP161
526 _aP160
526 _aP148
526 _aP147
526 _aP146
526 _aP145
526 _aP144
526 _aP143
526 _aP142
526 _aP141
526 _aP140
526 _aP139
526 _aP138
526 _aP137
526 _aP136
526 _aP135
526 _aP134
526 _aP133
526 _aP129
526 _aP128
526 _aP127
526 _aP120
526 _aP119
526 _aP118
526 _aP116
526 _aP115
526 _aP114
526 _aP110
526 _aP109
526 _aP108
526 _aP104
526 _aP103
526 _aP102
526 _aP99
526 _aP98
526 _aP97
526 _aP96
526 _aP95
526 _aP93
526 _aP90
526 _aP89
526 _aP88
526 _aP83
526 _aP82
526 _aP62
526 _aP59
526 _aP58
526 _aP57
526 _aP51
526 _aP49
526 _aP48
526 _aP47
526 _aP29
526 _aP24
526 _aP20
526 _aP19
526 _aP17
526 _aP15
526 _aP14
526 _aP12
526 _aP10
526 _aP09
526 _aP08
526 _aP07
526 _aP06
526 _aP05
526 _aP04
526 _aP01
534 _pTítulo original :
_tLearning theories: an educational perspective.
650 0 4 _aAprendizaje.
650 0 4 _aCognición.
_91884
910 _ajck
_bncf
_cncf
_d20170712
596 _a1
942 _2ddc
_cBOOK
999 _a370.1523 S29
_wDEWEY
_c24611
_i76554
_d24611
_e2019-6-12
_f2021-11-8
_g4
_lCCODEBUL1
_mBUL
_n18
_p29.70
_q12
_r0
_sY
_tBOOK
_u2017-7-12
_xEDUCACION
_PP33
_0COMPRA
_o.STAFF. Colección Ciencias de la Salud
980 _81
_gALBERTO SANCHEZ Responsable de Automatización